[Event "Porz"]
[Site "Porz"]
[Date "1992.??.??"]
[Round "7"]
[White "Mainka, Romuald"]
[Black "Vaganian, Rafael A"]
[Result "1/2-1/2"]
[WhiteElo "2550"]
[BlackElo "2615"]

1.e4 e6 2.d4 d5 3.Nc3 Bb4 4.e5 b6 5.a3 Bf8 6.Bb5+ Bd7 7.Bd3 c5 8.Nf3 Nc6
9.O-O a6 10.Re1 Nge7 11.Bg5 h6 12.Be3 cxd4 13.Bxd4 Nxd4 14.Nxd4 Nc6 15.Nxc6 Bxc6
16.Qg4 Qg5 17.Qe2 Bc5 18.Bxa6 O-O 19.Bb5 Bb7 20.Na4 d4 21.g3 d3 22.Qxd3 Rfd8
23.Nxc5 Rxd3 24.Nxd3 Qg4 25.Re3 Qd4 26.a4 g5 27.c3 Qd5 28.f3 Bc6 29.Bxc6 Qxc6
30.Nb4 Qc5 31.Kf2 Rd8 32.Ke2 g4 33.Nd3 Qc4 34.fxg4 Qxg4+ 35.Kf2 Qc4 36.Ke2 Qb3
37.Rd1 Qxa4 38.Rd2 Qa8 39.Rf3 Qd5 40.Kf2 b5 41.Rd1 b4 42.cxb4 Qb5 43.Ke2 Rd5
44.Re3 Rd4 45.Kf2 Qc6 46.Rc1 Qd5 47.Rd1 Kg7 48.Rf3 Rxb4 49.Nxb4 Qxd1 50.Nd3 Qd2+
51.Kf1 Qxh2 52.Nf2 h5 53.Re3 h4 54.gxh4 Qf4 55.Re4 Qc1+ 56.Kg2 Qxb2 57.Rg4+ Kh6
58.Rg5 Kh7 59.Kg3 Qc3+ 60.Kf4 Qe1 61.Kf3 Qf1 62.Ke3 Qa1 63.Kf3 Qe1 64.Kg2 Kh8
65.Kf3 Qf1 66.Ke3 Qe1+ 67.Kf3 Qc3+ 68.Kg2 Qe3 69.Ng4 Qe4+ 70.Kf2 Qh1  1/2-1/2

[Event "Bohemians (Women)"]
[Site "Prague"]
[Date "1992.??.??"]
[Round "5"]
[White "Rogers, Catherine"]
[Black "Grinfeld, Alla B"]
[Result "0-1"]
[WhiteElo "2015"]
[BlackElo "2230"]

1.e4 e6 2.d4 d5 3.Nc3 Bb4 4.e5 Ne7 5.a3 Bxc3+ 6.bxc3 b6 7.Qg4 Ng6 8.h4 h5
9.Qf3 Ba6 10.Bxa6 Nxa6 11.Bg5 Qd7 12.a4 Qc6 13.Ne2 Qc4 14.O-O c5 15.Rfd1 Nb8
16.Ng3 Nc6 17.Nxh5 Rh7 18.Bf6 Rxh5 19.Qxh5 gxf6 20.exf6 cxd4 21.cxd4 Nxd4
22.Re1 O-O-O 23.Qg4 Nxh4 24.Rad1 Ndf3+ 25.gxf3 Qxg4+ 26.fxg4 Nf3+ 27.Kg2 Nxe1+
28.Rxe1 Rg8 29.f3 Rg6 30.Kg3 Rxf6 31.a5 b5 32.Rh1 Kb7 33.g5 Rf5 34.f4 Ka6
35.Rh6 Kxa5 36.g6 fxg6 37.Rxg6 e5 38.fxe5 Rxe5 39.Rd6 Re2 40.Rxd5 Rxc2 41.Kf3 a6  0-1

[Event "Prague DDM"]
[Site "Prague"]
[Date "1992.??.??"]
[Round "8"]
[White "Landenbergue, Claude"]
[Black "Luce, Sebastien"]
[Result "1/2-1/2"]
[WhiteElo "2390"]
[BlackElo "2370"]

1.e4 e6 2.d4 d5 3.Nc3 Bb4 4.e5 Ne7 5.a3 Bxc3+ 6.bxc3 b6 7.Qg4 Ng6 8.h4 h5
9.Qg3 Ba6 10.Bd3 Bxd3 11.cxd3 Nc6 12.Ne2 Nce7 13.Bg5 Nf5 14.Bxd8 Nxg3 15.Nxg3 Rxd8
16.Ne2 Kd7  1/2-1/2

[Event "Bohemians (Women)"]
[Site "Prague"]
[Date "1992.??.??"]
[Round "12"]
[White "Van Parreren, Hanneke"]
[Black "Grinfeld, Alla B"]
[Result "1/2-1/2"]
[WhiteElo "2135"]
[BlackElo "2230"]

1.e4 e6 2.d4 d5 3.Nc3 Bb4 4.e5 Ne7 5.a3 Bxc3+ 6.bxc3 c5 7.a4 Qa5 8.Qd2 Nbc6
9.Nf3 cxd4 10.cxd4 Qxd2+ 11.Bxd2 f6 12.exf6 gxf6 13.c4 Nf5 14.Bc3 Nd6 15.Nd2 Kf7
16.Bd3 dxc4 17.Nxc4 Nxc4 18.Bxc4 Rd8 19.Rd1 Ne7 20.O-O Nd5 21.Bb2 Bd7 22.a5 Bc6
23.Rfe1 Rac8 24.Rc1 Re8 25.Ba3 a6 26.Bxd5  1/2-1/2

[Event "San Bernardino op"]
[Site "San Bernardino"]
[Date "1992.??.??"]
[Round "4"]
[White "Dutreeuw, Marc"]
[Black "Huss, Andreas"]
[Result "1/2-1/2"]
[WhiteElo "2425"]
[BlackElo "2385"]

1.e4 e6 2.d4 d5 3.Nc3 Bb4 4.e5 b6 5.Qg4 Bf8 6.Bg5 Qd7 7.Nh3 h6 8.Bh4 Nc6
9.f3 Nb4 10.Rc1 g5 11.Bf2 f5 12.Qh5+ Qf7 13.Qxf7+ Kxf7 14.g4 Ne7 15.a3 Nbc6
16.b4 Bb7 17.Be2 f4 18.Ng1 Ng6 19.Bd3 h5 20.h4 Nxh4 21.Bxh4 hxg4 22.Nce2 g3
23.Nh3 gxh4 24.Nhxf4 Be7 25.Kf1 Bg5 26.Rd1 Ne7 27.Kg2 c5 28.bxc5 bxc5 29.Rb1 Bc6
30.dxc5 Rab8 31.Rb4 a5 32.Rb6 Rxb6 33.cxb6 Rb8 34.Rb1 Nc8 35.Nxe6 Kxe6 36.Nd4+ Kf7
37.Nxc6 Rxb6 38.Rxb6 Nxb6 39.Nxa5 Ke6 40.Nc6 Nd7 41.a4 Nxe5 42.Nd4+ Kf6 43.a5 Be3
44.Nf5 Nxd3 45.Nxe3 Nf4+ 46.Kh1 h3 47.a6 g2+ 48.Kh2 Ne2 49.Nxg2 hxg2 50.Kxg2 Nf4+
51.Kf2 Ne6 52.a7 Nc7 53.Ke3 Ke5 54.Kd3 Kf4 55.c4 Ke5 56.Kc3 Kd6 57.f4 dxc4
58.Kxc4 Kc6 59.f5 Kb7 60.Kd4 Ne8  1/2-1/2

[Event "Slupsk op"]
[Site "Slupsk"]
[Date "1992.??.??"]
[Round "?"]
[White "Pedzich, Dominik"]
[Black "Gdanski, Jacek"]
[Result "0-1"]
[WhiteElo "2420"]
[BlackElo "2500"]

1.e4 e6 2.d4 d5 3.Nc3 Bb4 4.e5 Ne7 5.a3 Bxc3+ 6.bxc3 c5 7.Qg4 Qc7 8.Bd3 c4
9.Be2 O-O 10.Nf3 Nbc6 11.O-O Qa5 12.Ra2 f6 13.exf6 Rxf6 14.Qh5 Bd7 15.Bg5 Rf7
16.Rb1 b5 17.a4 bxa4 18.Rb7 Rd8 19.Ra3 Qa6 20.Bxe7 Rxe7 21.Rb1 Rf8 22.Qg5 h6
23.Qe3 Be8 24.Rba1 Nd8 25.Ne5 Rb7 26.Bg4 Rb8 27.g3 Qb7 28.Qc1 Kh7 29.Qd1 Nf7
30.Nf3 Qe7 31.Qe2 Qf6 32.Rxa4 Bxa4 33.Rxa4 a6 34.Kg2 Kh8 35.h4 Nd6 36.Qxe6 Qxe6
37.Bxe6 Ne4 38.Bg4 Rb2  0-1

[Event "St Martin op"]
[Site "St Martin"]
[Date "1992.??.??"]
[Round "3"]
[White "Arnason, Jon L"]
[Black "Van Tilbury, Craig"]
[Result "1-0"]
[WhiteElo "2515"]
[BlackElo "2295"]

1.e4 e6 2.d4 d5 3.Nc3 Bb4 4.e5 b6 5.Bd2 a5 6.h4 h5 7.Nf3 Ba6 8.Bxa6 Nxa6
9.Ne2 Nh6 10.Ng3 g6 11.c3 Be7 12.Bg5 c6 13.Qe2 Nc7 14.c4 Nf5 15.Rc1 Bxg5
16.hxg5 Nxd4 17.Nxd4 Qxg5 18.Qe3 Qxe3+ 19.fxe3 c5 20.Nf3 Ke7 21.Ke2 Rag8
22.Rc3 f5 23.exf6+ Kxf6 24.Rcc1 Ne8 25.Rcd1 Nc7 26.a4 Rf8 27.Rhf1  1-0

[Event "St Petersburg-ch op"]
[Site "St Petersburg"]
[Date "1992.??.??"]
[Round "?"]
[White "Orlov, Vassily"]
[Black "Ivanov, Sergey"]
[Result "1/2-1/2"]
[WhiteElo "2245"]
[BlackElo "2440"]

1.e4 e6 2.d4 d5 3.Nc3 Bb4 4.e5 Ne7 5.a3 Bxc3+ 6.bxc3 c5 7.Qg4 O-O 8.Bd3 Nbc6
9.Bg5 Qa5 10.Ne2 Qa4 11.O-O Nxe5 12.Bxh7+ Kxh7 13.Qh5+ Kg8 14.Bxe7 Re8 15.dxe5 Rxe7
16.f4 Qxc2 17.Rf3 Qxe2 18.Qh4 Re8 19.Rh3 Kf8 20.Qg5 Kg8 21.Rg3 Kf8 22.Rh3  1/2-1/2

[Event "Stare Mesto op"]
[Site "Stare Mesto"]
[Date "1992.??.??"]
[Round "?"]
[White "Stripunsky, Alexander"]
[Black "Kislov, Mikhail"]
[Result "0-1"]
[WhiteElo "2415"]
[BlackElo "2350"]

1.e4 e6 2.d4 d5 3.Nc3 Bb4 4.e5 Ne7 5.a3 Bxc3+ 6.bxc3 c5 7.Qg4 Kf8 8.Nf3 Qa5
9.Bd2 Qa4 10.Ra2 b6 11.Bd3 Ba6 12.O-O Nd7 13.Qf4 h6 14.Bxa6 Qxa6 15.a4 Re8
16.Rfa1 Nc6 17.a5 Nxa5 18.c4 Qxc4 19.Bxa5 bxa5 20.Rxa5 Qxc2 21.Rxa7 g5 22.Qe3 Ke7
23.Rc1 Qb2 24.dxc5 Ra8 25.Rxa8 Rxa8 26.h3 Ra3 27.Qe1 Nxc5 28.Rb1 Qc3 29.Qf1 Nd3
30.Qe2 Ra1 31.Rxa1 Qxa1+ 32.Kh2 Nf4 33.Qb5 Kf8 34.h4 Kg7 35.g3 Qc3 36.Ng1 Ng6
37.hxg5 hxg5 38.Qe2 Nxe5 39.Qh5 Qd2 40.Kg2 Nd3 41.Nh3 f6 42.Qe8 Qe2 43.Qe7+ Kg6
44.Qe8+ Kf5 45.Qh8 Ne1+ 46.Kg1 Nf3+ 47.Kg2 Nd2 48.Qh7+ Ke5 49.Qc7+ Ke4 50.Qh7+ Kd4
51.Qa7+ Kd3 52.Qa6+ Nc4 53.Ng1 Qe4+ 54.f3 Qe1 55.Nh3 Kc3 56.Qc6 Kd2  0-1

[Event "Rilton Cup"]
[Site "Stockholm"]
[Date "1992.??.??"]
[Round "3"]
[White "Backelin, Rikard"]
[Black "Johansson, Carl Fredrik"]
[Result "1-0"]
[WhiteElo "2275"]
[BlackElo "2220"]

1.e4 e6 2.d4 d5 3.Nc3 Bb4 4.e5 Qd7 5.a3 Bxc3+ 6.bxc3 b6 7.Qg4 f5 8.Qh5+ Qf7
9.Qf3 Ne7 10.a4 Nec6 11.h4 Na5 12.Nh3 Ba6 13.Ng5 Qd7 14.Bxa6 Nxa6 15.Qh5+ g6
16.Qh6 O-O-O 17.h5 Qc6 18.Rh3 Rdf8 19.Nxh7 g5 20.Qxf8+ Rxf8 21.Nxf8 g4 22.Rd3 Qe8
23.Ng6 Nc4 24.Ke2 c5 25.Bd2 Nb2 26.Rh1 Qxa4 27.h6 Qxc2 28.Nf4 Nxd3 29.Nxd3 Nb4
30.cxb4 c4 31.Ne1 Qe4+ 32.Kf1 Qxd4 33.h7 Qxd2 34.b5  1-0

[Event "FRA-ch"]
[Site "Strasbourg"]
[Date "1992.??.??"]
[Round "2"]
[White "Koch, Jean Rene"]
[Black "Roos, Louis"]
[Result "1-0"]
[WhiteElo "2460"]
[BlackElo "2390"]

1.e4 e6 2.d4 d5 3.Nc3 Bb4 4.e5 Qd7 5.Bd2 b6 6.Bb5 c6 7.Ba4 a5 8.a3 Bxc3 9.Bxc3 Ba6
10.Ne2 f6 11.O-O fxe5 12.dxe5 Ne7 13.Re1 O-O 14.Qd4 Bxe2 15.Rxe2 b5 16.Bb3 Nf5
17.Qg4 c5 18.Rd1 c4 19.Ba2 Nc6 20.Qh3 Qe7 21.Be1 Rad8 22.c3 d4 23.a4 dxc3
24.Rxd8 Qxd8 25.Qxc3 Qd1 26.axb5 Qxe2 27.bxc6 Nd4 28.Bxc4 Qxe5 29.Qxa5 Qe4
30.c7 Rc8 31.Bf1 Qc6 32.Bc3 Qd7 33.Qc5 Nc6 34.h3 Rxc7 35.Bb5 Rc8 36.Qg5 h6
37.Qg3 Rc7 38.Ba4 Ra7 39.Bxc6 Ra1+ 40.Kh2  1-0

[Event "FRA-ch"]
[Site "Strasbourg"]
[Date "1992.??.??"]
[Round "13"]
[White "Santo Roman, Marc"]
[Black "Roos, Louis"]
[Result "0-1"]
[WhiteElo "2455"]
[BlackElo "2390"]

1.e4 e6 2.d4 d5 3.Nc3 Bb4 4.e5 Qd7 5.Ne2 b6 6.a3 Bxc3+ 7.Nxc3 Ne7 8.Qg4 O-O
9.h4 Kh8 10.h5 h6 11.Bb5 c6 12.Ba4 Ba6 13.Ne2 f5 14.Qf3 Bxe2 15.Qxe2 b5 16.Bb3 c5
17.dxc5 Na6 18.c3 Nxc5 19.Bc2 Rac8 20.O-O Na4 21.Bd3 a6 22.Rd1 Nc6 23.Bf4 Na5
24.Rab1 Nc4 25.Qe1 Nc5 26.Bc2 Qf7 27.Qe2 Na4 28.Bd3 Rg8 29.g3 Kh7 30.Kh2 Naxb2  0-1

[Event "FRA-ch"]
[Site "Strasbourg"]
[Date "1992.??.??"]
[Round "15"]
[White "Santo Roman, Marc"]
[Black "Seret, Jean Luc"]
[Result "1-0"]
[WhiteElo "2455"]
[BlackElo "2420"]

1.e4 e6 2.d4 d5 3.Nc3 Bb4 4.e5 b6 5.Qg4 Bf8 6.h4 Ba6 7.Bxa6 Nxa6 8.h5 h6
9.a3 Qd7 10.Nf3 Nb8 11.Nd1 Nc6 12.Ne3 O-O-O 13.Bd2 Kb7 14.Qf4 Qe8 15.c4 dxc4
16.Nxc4 Nge7 17.O-O-O Nd5 18.Qe4 Be7 19.Kb1 Qg8 20.Be3 Qh7 21.Ncd2 Qxe4+
22.Nxe4 f5 23.exf6 gxf6 24.Bc1 Kc8 25.Rhe1 Kd7 26.Kc2 Ke8 27.Re2 Kf7 28.Rde1 Rdg8
29.g3 Nd8 30.Nc3 Bd6 31.Nxd5 exd5 32.Nh4 Re8 33.Rxe8 Rxe8 34.Rxe8 Kxe8 35.Bxh6 c6
36.Kd3 Kf7 37.Nf5 Bc7 38.Be3 Nb7 39.g4 Bd6 40.f4 Bf8 41.Bd2 Nd8 42.Ke3 a5
43.Kf3 a4 44.g5 fxg5 45.fxg5 Ne6 46.Kg4 c5 47.Bc3 c4 48.Be1 Bg7 49.Nxg7 Kxg7
50.Bc3 Kf7 51.Kf5  1-0

[Event "SWZ-GP Suhr"]
[Site "Suhr"]
[Date "1992.??.??"]
[Round "3"]
[White "Gallagher, Joseph G"]
[Black "Huss, Andreas"]
[Result "1-0"]
[WhiteElo "2510"]
[BlackElo "2370"]

1.e4 e6 2.d4 d5 3.Nc3 Bb4 4.e5 b6 5.Qg4 Bf8 6.h4 h5 7.Qd1 Ba6 8.Bg5 Qd7 9.Bxa6 Nxa6
10.Nge2 f6 11.Bf4 O-O-O 12.Ng3 Qf7 13.Qe2 Nb8 14.O-O-O Bb4 15.Rd3 f5 16.Nb1 Kb7
17.Nd2 Bxd2+ 18.Bxd2 Rc8 19.Kb1 Ne7 20.Qf3 c5 21.dxc5 bxc5 22.c4 Nbc6 23.cxd5 exd5
24.Qf4 Qe6 25.Re1 d4 26.Qf3 g6 27.Ne2 Nd5 28.Nf4 Nxf4 29.Bxf4 Rhd8 30.Rb3+ Ka8
31.Rc1 c4 32.Rb5 d3 33.Be3 d2 34.Rd1 c3 35.Rc5 f4 36.Qxf4 Rb8 37.Rxc3 Nb4
38.Qe4+ Rb7 39.Ra3 Kb8 40.Rb3 a5 41.Bc5 Nc6 42.Rxb7+ Kxb7 43.Be3 Rd5 44.Rxd2 Rxe5
45.Qd3 Nb4 46.Qd7+ Qxd7 47.Rxd7+ Kc6 48.Rg7 Re6 49.a3 Nd5 50.Ra7 Kb5 51.Bd2 Re2
52.Rxa5+ Kc4 53.Kc2 Rxf2 54.Ra4+ Kb5 55.Re4 Rxg2 56.a4+ Kc6 57.b4 Rg3 58.b5+ Kc5
59.Re6 Rg2 60.Kd3 Rg3+ 61.Ke2 Rg2+ 62.Ke1 Rg1+ 63.Kf2 Ra1 64.b6 Kd4 65.a5 Ra2
66.Re2 Kd3 67.b7 Rb2 68.a6 Nf4 69.Bxf4 Rxe2+ 70.Kg3  1-0

[Event "Tel Aviv"]
[Site "Tel Aviv"]
[Date "1992.??.??"]
[Round "4"]
[White "Rechlis, Gad"]
[Black "Davies, Nigel R"]
[Result "1/2-1/2"]
[WhiteElo "2515"]
[BlackElo "2460"]

1.d4 e6 2.e4 d5 3.Nc3 Bb4 4.e5 b6 5.Qg4 Bf8 6.Nf3 Qd7 7.a4 Nc6 8.Bb5 a6 9.Be2 Nge7
10.Nd1 a5 11.O-O Nf5 12.Ne3 h5 13.Qf4 Nce7 14.Nxf5 Nxf5 15.h3 Ba6 16.Bxa6 Rxa6
17.b3 Ra8 18.c4 Rd8 19.Rd1 Be7 20.Ba3 Bxa3 21.Rxa3 Qe7 22.Raa1 c5 23.dxc5 Qxc5
24.cxd5 Rxd5 25.Rdc1 Qe7 26.Rc6 O-O 27.Rxb6 Rfd8 28.Rb5 Nd4 29.Nxd4 Rxd4
30.Qf3 h4 31.Rxa5 Rd3 32.Qe4 Rxb3 33.Ra8 g6 34.a5 Rxa8 35.Qxa8+ Kg7 36.a6 Ra3
37.Rxa3 Qxa3 38.Kh2 Qc5 39.f4 Qc4 40.Qf3 Qxa6 41.Qg4 Qd3 42.Qxh4 Qe3 43.Qg3 Qe2
44.Qg5 Qf2 45.Qg3 Qe2 46.Qc3 Qf2 47.Qg3  1/2-1/2

[Event "Viernheim"]
[Site "Viernheim"]
[Date "1992.??.??"]
[Round "11"]
[White "Herbrechtsmeier, Christof"]
[Black "Beikert, Guenther"]
[Result "0-1"]
[WhiteElo "2315"]
[BlackElo "2390"]

1.e4 e6 2.d4 d5 3.Nc3 Bb4 4.e5 b6 5.a3 Bxc3+ 6.bxc3 Ba6 7.Bxa6 Nxa6 8.Qe2 Nb8
9.Nf3 Ne7 10.O-O Qc8 11.a4 Qa6 12.Qxa6 Nxa6 13.a5 h6 14.axb6 axb6 15.Ra2 Nc6
16.Bd2 Kd7 17.Rfa1 Ncb8 18.Kf1 Kc8 19.Ke2 Kb7 20.Be3 Nc6 21.Nd2 Rhd8 22.Nb3 Ra7
23.g4 Rh8 24.Rb1 Nab8 25.Rxa7+ Kxa7 26.Nd2 Na5 27.Kd3 h5 28.g5 Nbc6 29.c4 Nxc4
30.Nxc4 dxc4+ 31.Kxc4 Kb7 32.g6 fxg6 33.Rg1 Ne7 34.Bd2 Kc6 35.Bb4 b5+ 36.Kb3 Nf5
37.c3 Rh6 38.Ba3 Nh4 39.Rg3 Kd5 40.Bc1 Rh8 41.Bg5 Nf5 42.Rg1 b4 43.Be3 bxc3
44.Kxc3 Ra8 45.Rxg6 Ra1 46.h4 Rh1 47.Bg5 Rg1 48.f4 Rg3+ 49.Kb2 c6 50.Kc1 Rg2
51.Kb1 Rd2  0-1

[Event "Warsaw op"]
[Site "Warsaw"]
[Date "1992.??.??"]
[Round "10"]
[White "Kruppa, Yuri"]
[Black "Timoshenko, Georgy"]
[Result "1/2-1/2"]
[WhiteElo "2475"]
[BlackElo "2480"]

1.e4 e6 2.d4 d5 3.Nc3 Bb4 4.e5 Ne7 5.a3 Bxc3+ 6.bxc3 b6 7.Qg4 Kf8 8.h4 Ba6
9.h5 h6 10.Bd3 Bxd3 11.cxd3 Nd7 12.Ne2 c5 13.Qh3 Rc8 14.g4 cxd4 15.cxd4 Rc2
16.Qe3 Qc7 17.O-O g6 18.hxg6 Nxg6 19.Ng3 Qc3 20.Rb1 Ne7 21.Ne2 Qa5 22.Rb2 Rc6
23.Ra2 Ke8 24.Ng3 Qa4 25.Kg2 Rg8 26.Kh3 b5 27.Bd2 a5 28.Raa1 Rc2 29.Rfc1 Rxc1
30.Rxc1 b4 31.axb4 axb4 32.Qe1 b3 33.Ra1 Qb5 34.Ra8+ Nb8 35.Qb1 Nc6 36.Bc3 Kd7
37.Ra3 Kc7 38.Rxb3 Qa6 39.Qc2 Rc8 40.Rb1 Nd7 41.Ra1 Qb5 42.Ba5+ Nb6 43.Qc5 Qb3
44.Rc1 Kb7 45.Bxb6 Qxb6 46.Qxb6+ Kxb6 47.Ne2 Ra8 48.Rb1+ Kc7 49.Kg2 Ra3 50.Rh1 Rxd3
51.Rxh6 Kd7 52.Rf6 Ke7 53.g5 Nxd4 54.Nf4 Ra3 55.g6 fxg6 56.Nxg6+ Kd7 57.Nf8+ Ke7
58.Ng6+ Kd7  1/2-1/2

[Event "Wisla BES op"]
[Site "Wisla"]
[Date "1992.??.??"]
[Round "9"]
[White "Macieja, Bartlomiej"]
[Black "Masternak, Grzegorz"]
[Result "1-0"]
[WhiteElo "2300"]
[BlackElo "2355"]

1.e4 e6 2.d4 d5 3.Nc3 Bb4 4.e5 Ne7 5.a3 Bxc3+ 6.bxc3 c5 7.Qg4 O-O 8.Bd3 f5
9.exf6 Rxf6 10.Bg5 Rf7 11.Qh5 g6 12.Qd1 Qa5 13.Qd2 Nbc6 14.Nf3 cxd4 15.cxd4 Qxd2+
16.Bxd2 Nf5 17.Ne5 Nxe5 18.dxe5 Bd7 19.Rb1 b6 20.O-O Rc8 21.Rfc1 Bc6 22.c4 dxc4
23.Bxc4 Re8 24.Bg5 Rd7 25.Rd1 Kf7 26.Rxd7+ Bxd7 27.Rd1 Bc6 28.g4 Ba4 29.Rd3 Ng7
30.Ba6 Rb8 31.Rd4 Bc6 32.Rc4 Bd5 33.Rc7+ Kg8 34.Rxa7 b5 35.Rc7 b4 36.axb4 Rxb4
37.Rc8+ Kf7 38.Rc7+ Kg8 39.h3 Ne8 40.Re7 Kf8  1-0

[Event "Ibercaja op"]
[Site "Zaragoza"]
[Date "1992.??.??"]
[Round "?"]
[White "Colas, Rafael P"]
[Black "Zlotnik, Boris A"]
[Result "1-0"]
[WhiteElo "2310"]
[BlackElo "2455"]

1.e4 e6 2.d4 d5 3.Nc3 Bb4 4.e5 Ne7 5.a3 Bxc3+ 6.bxc3 c5 7.Qg4 O-O 8.Bd3 Nbc6
9.Nf3 f5 10.Qh3 Qa5 11.Bd2 c4 12.Be2 Qa4 13.Ra2 Nd8 14.O-O Qe8 15.Nh4 Bd7
16.f4 Rc8 17.g3 Rc6 18.Ng2 Rb6 19.Ne3 Kh8 20.Bh5 g6 21.Be2 Rf7 22.Kh1 Qf8
23.Raa1 Ba4 24.Rg1 a5 25.Raf1 Rb2 26.Bc1 Ra2 27.Bd1 Ra1 28.Bf3 Ra2 29.Bd1 Bd7
30.g4 Ndc6 31.gxf5 exf5 32.Ng2 Nd8 33.Nh4 Rg7 34.Nf3 Ra1 35.Be2 Ba4 36.Rf2 Ne6
37.Re1 Qc8 38.Bf1 Nc6 39.Qh4 Kg8 40.Rfe2 Ra2 41.Bg2 Ne7 42.Qf6 Rf7 43.Ng5 Nxg5
44.fxg5 f4 45.Bxf4 Qg4 46.Bg3 Rxf6 47.gxf6 Bc6 48.fxe7 Qe6 49.Bh4 h6 50.Bf6 Rxa3
51.Re3 Be8 52.Rg1 Kh7 53.Bh3 Qc6 54.Reg3 Qa4 55.Bf5 Ra1 56.Rxg6 Bxg6 57.Bxg6+ Kg8
58.e8=Q+ Qxe8 59.Bxe8+ Rxg1+ 60.Kxg1  1-0

[Event "Aegina op"]
[Site "Aegina"]
[Date "1993.??.??"]
[Round "6"]
[White "Luther, Thomas"]
[Black "Gdanski, Jacek"]
[Result "1/2-1/2"]
[WhiteElo "2465"]
[BlackElo "2485"]

1.e4 e6 2.d4 d5 3.Nc3 Bb4 4.e5 Ne7 5.a3 Bxc3+ 6.bxc3 c5 7.Qg4 Qc7 8.Qxg7 Rg8
9.Qxh7 cxd4 10.Ne2 Nbc6 11.f4 Bd7 12.Qd3 dxc3 13.Rb1 O-O-O 14.Rg1 d4 15.Nxd4 Nxd4
16.Qxd4 Bb5 17.Qxa7 Bxf1 18.Kxf1 Qc4+ 19.Kf2 Qe4 20.Rb4 Rxg2+ 21.Rxg2 Qxc2+
22.Kf3 Qd1+ 23.Kf2 Qc2+ 24.Kf3 Qd1+ 25.Kf2  1/2-1/2

[Event "Mephisto-GM-Turnier"]
[Site "Altensteig"]
[Date "1993.??.??"]
[Round "6"]
[White "Vogt, Lothar"]
[Black "Hansen, Lars Bo"]
[Result "1-0"]
[WhiteElo "2495"]
[BlackElo "2560"]

1.e4 e6 2.d4 d5 3.Nc3 Bb4 4.e5 Ne7 5.a3 Bxc3+ 6.bxc3 c5 7.Qg4 O-O 8.Bd3 f5
9.exf6 Rxf6 10.Bg5 Rf7 11.Qh5 g6 12.Qd1 Nbc6 13.Nf3 Qd6 14.O-O c4 15.Be2 Nf5
16.Qd2 Ng7 17.g3 Qf8 18.Bf4 Rxf4 19.Qxf4 Qxf4 20.gxf4 Nh5 21.f5 Nf4 22.Rae1 exf5
23.Bd1 Bd7 24.h4 h6 25.Kh2 Kf7 26.Ng1 Kf6 27.Bf3 g5 28.Ne2 Nxe2 29.Rxe2 Be6
30.Bh5 Rd8 31.Rb1 b6 32.Rbe1 Rd6 33.Be8 Nd8 34.hxg5+ hxg5 35.Kg2 Ke7 36.Bb5 f4
37.Rh1 Nf7 38.f3 Kf8 39.Rh7 g4 40.Rh5 Kg7 41.Be8 Nd8 42.fxg4 Kf8 43.Rh8+ Kg7
44.Rh4 Bg8 45.Re7+ Kf8 46.Rd7 Nf7 47.Rxd6 Nxd6 48.Bc6 Ne4 49.Kf3 Nxc3 50.Kxf4 Nb1
51.Rh3 c3 52.Ke5 Nxa3 53.Bxd5 Bxd5 54.Kxd5 Nxc2 55.Rxc3  1-0

[Event "Aschach op"]
[Site "?"]
[Date "1993.??.??"]
[Round "?"]
[White "Wegener, Dirk"]
[Black "Beutel, Hubert"]
[Result "1-0"]
[WhiteElo "2295"]
[BlackElo "2270"]

1.e4 e6 2.d4 d5 3.Nc3 Bb4 4.e5 b6 5.a3 Bxc3+ 6.bxc3 Ne7 7.h4 Qd7 8.h5 h6
9.Qg4 Kf8 10.Rh3 Ba6 11.Bxa6 Nxa6 12.Rf3 c5 13.a4 Rc8 14.Ba3 Kg8 15.a5 Nb8
16.axb6 axb6 17.Ne2 Nbc6 18.Rb1 Qa7 19.Bc1 Na5 20.Qf4 Rf8 21.Ra1 Qc7 22.Kf1 Nf5
23.g4 Ne7 24.Kg2 Nec6 25.g5 hxg5 26.Qxg5 cxd4 27.cxd4 Nc4 28.Rg3 Rh7 29.c3 Ne7
30.Rg4 Nf5 31.Ng3 Nxg3 32.Rxg3 Kh8 33.Qg4 f6 34.exf6 Rxf6 35.Ra8+  1-0

[Event "AUT-chT"]
[Site "?"]
[Date "1993.??.??"]
[Round "?"]
[White "Mokry, Karel"]
[Black "Farago, Ivan"]
[Result "1/2-1/2"]
[WhiteElo "2530"]
[BlackElo "2510"]

1.e4 e6 2.d4 d5 3.Nc3 Bb4 4.e5 Ne7 5.a3 Bxc3+ 6.bxc3 c5 7.h4 Qa5 8.Bd2 Nbc6
9.h5 h6 10.Qg4 Nf5 11.Bd3 Nce7 12.dxc5 Qxc5 13.Nf3 Bd7 14.Qb4 Qc7 15.Qf4 g5
16.hxg6 Nxg6 17.Qh2 O-O-O 18.O-O Rdg8 19.Rfe1  1/2-1/2

[Event "Wch Seniors"]
[Site "Bad Wildbad"]
[Date "1993.??.??"]
[Round "3"]
[White "From, Sigfred"]
[Black "Khasin, Abram"]
[Result "0-1"]
[WhiteElo "2285"]
[BlackElo "2390"]

1.e4 e6 2.d4 d5 3.Nc3 Bb4 4.e5 Ne7 5.Qg4 c5 6.Nf3 Nbc6 7.Bb5 O-O 8.O-O cxd4
9.Ne2 Qb6 10.Bd3 Ng6 11.Qh5 Be7 12.Bg5 Qxb2 13.Rab1 Qa3 14.Rb3 Qa5 15.Nf4 Qc7
16.Bxe7 Ncxe7 17.Ng5 h6 18.Nxf7 Nxf4 19.Nxh6+ gxh6 20.Qxh6 Rf7 21.Bh7+ Rxh7
22.Qxf4 Nf5 23.g4 Qg7 24.Kh1 Qh6 25.Qxh6 Nxh6  0-1

[Event "Badalona op"]
[Site "Badalona"]
[Date "1993.??.??"]
[Round "8"]
[White "Kaeding, Rainer"]
[Black "Rahal, Michael"]
[Result "0-1"]
[WhiteElo "2250"]
[BlackElo "2300"]

1.e4 e6 2.d4 d5 3.Nc3 Bb4 4.e5 Ne7 5.a3 Bxc3+ 6.bxc3 c5 7.Qg4 Qc7 8.Qxg7 Rg8
9.Qxh7 cxd4 10.Ne2 Nbc6 11.f4 Bd7 12.Rb1 dxc3 13.Qd3 d4 14.Nxd4 Nxd4 15.Qxd4 Nf5
16.Qf2 Bc6 17.Rg1 Qd7 18.g4 O-O-O 19.Bd3 Nd4 20.Rg3 Qd5 21.Kf1 Qa2 22.Rb4 Qa1
23.Qe3 Nf3 24.h3 Nd2+ 25.Kf2 Qxc1 26.Qxa7 Qh1 27.Rg1 Qh2+  0-1

[Event "Baden-Baden op"]
[Site "Baden-Baden"]
[Date "1993.??.??"]
[Round "1"]
[White "Haas, Stefan"]
[Black "Kindermann, Stefan"]
[Result "0-1"]
[WhiteElo "2265"]
[BlackElo "2520"]

1.e4 e6 2.d4 d5 3.Nc3 Bb4 4.e5 Ne7 5.a3 Bxc3+ 6.bxc3 c5 7.Nf3 b6 8.a4 Ba6
9.Bxa6 Nxa6 10.Qe2 Nb8 11.O-O O-O 12.dxc5 bxc5 13.c4 Qc7 14.Rd1 dxc4 15.Qxc4 Nd7
16.Ba3 Rac8 17.Qe4 Ng6 18.Re1 Nb6 19.h4 h6 20.Qg4 Nd7 21.Qe4 Rfd8 22.g4 Ndxe5
23.Nxe5 Rd4 24.Qe3 Nxe5 25.Qxe5 Rxg4+ 26.Kf1 Qc6 27.Re3 Rd8 28.Ke2 Rgd4 29.f3 Qxa4
30.Kf2 Rd2+ 31.Kg3 Qxc2 32.Kh3 R8d4 33.Rh1 Qg6 34.Rh2 Rxh2+ 35.Qxh2 Qf5+  0-1

[Event "Baden-Baden op"]
[Site "Baden-Baden"]
[Date "1993.??.??"]
[Round "2"]
[White "Mainka, Romuald"]
[Black "Bockius, Albert"]
[Result "1-0"]
[WhiteElo "2515"]
[BlackElo "2215"]

1.e4 e6 2.d4 d5 3.Nc3 Bb4 4.e5 Ne7 5.a3 Bxc3+ 6.bxc3 c5 7.Nf3 Bd7 8.a4 Qa5
9.Qd2 f6 10.Ba3 cxd4 11.exf6 gxf6 12.Nxd4 a6 13.Be2 Nbc6 14.O-O Nxd4 15.Qxd4 e5
16.Qh4 Kf7 17.f4 Ng6 18.Bh5 Kg7 19.Qg3 exf4 20.Rxf4 Qb6+ 21.Kh1 Rhe8 22.Raf1 Re3
23.R4f3 Rae8 24.a5 Rxf3 25.Qxf3 Qe6 26.h3 Bb5 27.Rb1 Qe4 28.Qf2 Qe3 29.Bc5 Qxf2
30.Bxf2 Re7 31.Bf3 Bc4 32.Rb6 Rd7 33.Bg4 Rc7 34.Bf5 Bb5 35.Bd4 Bc6 36.Rb1 Ne5
37.Re1 Re7 38.Re3 Re8 39.Rg3+ Kh8 40.h4 Re7 41.Re3 Be8 42.Bc5 Rc7 43.Bd4 Re7
44.Bb6 Bd7 45.Bd8 Rf7 46.Bxd7 Nxd7 47.Rd3 Rf8 48.Bc7 Rc8 49.Bd6 Kg8 50.Bb4 Rc4
51.Rxd5 Rxh4+ 52.Kg1 Ne5 53.Rd8+ Kf7 54.Rb8 Ke6 55.Rxb7 Nc6 56.Rb6 Kd5 57.Rxa6 Nxb4
58.cxb4 Rxb4 59.Rxf6 Rb1+ 60.Kh2 Rc1 61.Rh6 Rxc2 62.Rxh7  1-0

[Event "Baden-Baden op"]
[Site "Baden-Baden"]
[Date "1993.??.??"]
[Round "7"]
[White "Jonsson, Hans"]
[Black "Kindermann, Stefan"]
[Result "1/2-1/2"]
[WhiteElo "2345"]
[BlackElo "2520"]

1.e4 e6 2.d4 d5 3.Nc3 Bb4 4.e5 Ne7 5.a3 Bxc3+ 6.bxc3 c5 7.a4 Nbc6 8.Nf3 Qa5
9.Bd2 Bd7 10.Be2 f6 11.c4 Qc7 12.cxd5 Nxd5 13.c4 Nde7 14.exf6 gxf6 15.Bc3 O-O-O
16.dxc5 e5 17.Qd6 Nf5 18.Qxc7+ Kxc7 19.O-O Be6 20.Rfd1 Rhg8 21.Kf1 Rg7 22.Rxd8 Kxd8
23.Rd1+ Rd7 24.Rxd7+ Kxd7 25.Nd2 Nfd4 26.Bd3 f5 27.g4 fxg4 28.Bxh7 Bf5 29.Bxf5+ Nxf5
30.Ke2 Ke6 31.Kd3 Nb8 32.f3 g3 33.hxg3 Nxg3 34.Ne4 Nxe4 35.Kxe4 Na6 36.Bxe5 Nxc5+
37.Kd4 Nxa4 38.f4  1/2-1/2

[Event "JUG-chT2"]
[Site "Becici"]
[Date "1993.??.??"]
[Round "?"]
[White "Todorovic, Jovan"]
[Black "Jovic, Aleksandar"]
[Result "1-0"]
[WhiteElo "2300"]
[BlackElo "2355"]

1.e4 e6 2.d4 d5 3.Nc3 Bb4 4.e5 b6 5.a3 Bxc3+ 6.bxc3 Ne7 7.Qg4 Ng6 8.h4 h5
9.Qd1 Ba6 10.Bxa6 Nxa6 11.Bg5 Qd7 12.Ne2 Ne7 13.Nf4 g6 14.a4 Nb8 15.a5 Nbc6
16.O-O Nxa5 17.Rxa5 bxa5 18.Bf6 Rg8 19.Nd3 Rb8 20.Qa1 Rb5 21.Qa3 Kd8 22.Nc5 Qc6
23.c4 dxc4 24.Ne4 Re8 25.Nc3 Rb4 26.d5 exd5 27.Qxa5 Qb6 28.Qxd5+ Kc8 29.Qxf7 Qc6
30.Bxe7 Rb2 31.Bf6 Rxc2 32.Nd5 Qd7 33.Ne7+ Kb8 34.Rb1+ Ka8 35.Qxg6 Rd2 36.Qe4+ c6
37.Qxc4 Rd1+ 38.Rxd1 Qxd1+ 39.Kh2 Qd7 40.Qxc6+ Qxc6 41.Nxc6 Kb7 42.Nxa7 Kxa7
43.g4 hxg4 44.h5 Rg8 45.Kg3  1-0

[Event "JUG-chT2"]
[Site "Becici"]
[Date "1993.??.??"]
[Round "4"]
[White "Cabrilo, Goran"]
[Black "Govedarica, Radovan"]
[Result "1-0"]
[WhiteElo "2530"]
[BlackElo "2410"]

1.e4 e6 2.d4 d5 3.Nc3 Bb4 4.e5 Qd7 5.a3 Bxc3+ 6.bxc3 b6 7.Qg4 f5 8.Qg3 Qf7
9.h4 Ne7 10.h5 h6 11.a4 Ba6 12.Bxa6 Nxa6 13.Ne2 Nb8 14.Nf4 Nbc6 15.Ba3 Rg8
16.Qf3 O-O-O 17.Bb4 g5 18.hxg6 Nxg6 19.Nd3 a5 20.Ba3 h5 21.Rxh5 Rh8 22.Rxh8 Rxh8
23.g3 f4 24.O-O-O Nd8 25.g4 Qe8 26.Nb2 Kb8 27.Rh1 Nf7 28.Rh5 Qd8 29.Qh1 Rg8
30.Kb1 Qc8 31.c4 dxc4 32.Qc6 Nd8 33.Qxc4 Qd7 34.Nd3 f3 35.c3 Rg7 36.Qb5 Qf7
37.Ka2 Nb7 38.Bc1 Ne7 39.Rh8+ Rg8 40.Rxg8+ Qxg8 41.Nf4 Kc8 42.g5 Nd8 43.Kb2 Ndc6
44.g6 Nd8 45.Qd3 Kd7 46.Kb3 Ndc6 47.Ba3 Nf5 48.d5 Nce7 49.dxe6+ Kc8 50.Bxe7  1-0